Break Your Mouse Quiz Stats

Quiz Updated Jun 25, 2016

Challenge
Share
Tweet
Embed
Score 0/201 Timer 00:30
6 Plays Today
% Correct
CLICK
99.7%
CLICK
99.6%
CLICK
99.5%
CLICK
99.4%
CLICK
99.3%
CLICK
99.3%
CLICK
99.1%
CLICK
99%
CLICK
99%
CLICK
98.9%
CLICK
98.8%
CLICK
98.7%
CLICK
98.7%
CLICK
98.6%
CLICK
98.6%
CLICK
98.5%
CLICK
98.4%
CLICK
98.3%
CLICK
98.3%
CLICK
98.2%
CLICK
98.1%
CLICK
98%
CLICK
98%
CLICK
97.9%
CLICK
97.8%
CLICK
97.7%
CLICK
97.6%
CLICK
97.6%
CLICK
97.5%
CLICK
97.4%
CLICK
97.3%
CLICK
97.2%
CLICK
97.1%
CLICK
97.1%
CLICK
97%
CLICK
96.9%
CLICK
96.9%
CLICK
96.8%
CLICK
96.7%
CLICK
96.6%
CLICK
96.6%
CLICK
96.5%
CLICK
96.5%
CLICK
96.4%
CLICK
96.3%
CLICK
96.2%
CLICK
96.2%
CLICK
96.1%
CLICK
96.1%
CLICK
96%
CLICK
95.9%
CLICK
95.8%
CLICK
95.7%
CLICK
95.7%
CLICK
95.6%
CLICK
95.6%
CLICK
95.5%
CLICK
95.4%
CLICK
95.4%
CLICK
95.3%
CLICK
95.2%
CLICK
95.2%
CLICK
95.1%
CLICK
95.1%
CLICK
95%
CLICK
94.9%
CLICK
94.9%
% Correct
CLICK
94.8%
CLICK
94.7%
CLICK
94.7%
CLICK
94.6%
CLICK
94.5%
CLICK
94.5%
CLICK
94.4%
CLICK
94.3%
CLICK
94.2%
CLICK
94.2%
CLICK
94.1%
CLICK
94%
CLICK
93.9%
CLICK
93.8%
CLICK
93.7%
CLICK
93.7%
CLICK
93.6%
CLICK
93.5%
CLICK
93.4%
CLICK
93.4%
CLICK
93.3%
CLICK
93.2%
CLICK
93.1%
CLICK
93%
CLICK
93%
CLICK
92.9%
CLICK
92.8%
CLICK
92.7%
CLICK
92.6%
CLICK
92.5%
CLICK
92.4%
CLICK
92.3%
CLICK
92.1%
CLICK
92%
CLICK
91.9%
CLICK
91.8%
CLICK
91.6%
CLICK
91.5%
CLICK
91.4%
CLICK
91.2%
CLICK
91.1%
CLICK
91%
CLICK
90.8%
CLICK
90.7%
CLICK
90.5%
CLICK
90.3%
CLICK
90.1%
CLICK
89.9%
CLICK
89.8%
CLICK
89.6%
CLICK
89.4%
CLICK
89.2%
CLICK
88.9%
CLICK
88.6%
CLICK
88.3%
CLICK
88%
CLICK
87.7%
CLICK
87.5%
CLICK
87.2%
CLICK
86.9%
CLICK
86.5%
CLICK
86.2%
CLICK
85.8%
CLICK
85.3%
CLICK
84.9%
CLICK
84.5%
CLICK
84%
% Correct
CLICK
83.5%
CLICK
83%
CLICK
82.4%
CLICK
81.9%
CLICK
81.4%
CLICK
80.7%
CLICK
80.1%
CLICK
79.4%
CLICK
78.7%
CLICK
78%
CLICK
77.2%
CLICK
76.5%
CLICK
75.6%
CLICK
74.7%
CLICK
73.8%
CLICK
72.9%
CLICK
72%
CLICK
71%
CLICK
69.9%
CLICK
68.9%
CLICK
68%
CLICK
66.9%
CLICK
65.8%
CLICK
64.7%
CLICK
63.5%
CLICK
62.4%
CLICK
61.1%
CLICK
59.9%
CLICK
58.8%
CLICK
57.5%
CLICK
56.4%
CLICK
55.3%
CLICK
54.2%
CLICK
53.1%
CLICK
52%
CLICK
50.7%
CLICK
49.6%
CLICK
48.4%
CLICK
47.3%
CLICK
46.3%
CLICK
45.1%
CLICK
44%
CLICK
42.9%
CLICK
41.8%
CLICK
40.8%
CLICK
39.8%
CLICK
38.7%
CLICK
37.6%
CLICK
36.7%
CLICK
35.8%
CLICK
34.8%
CLICK
33.9%
CLICK
33%
CLICK
32%
CLICK
31.1%
CLICK
30.2%
CLICK
29.3%
CLICK
28.5%
CLICK
27.6%
CLICK
26.8%
CLICK
26.1%
CLICK
25.4%
CLICK
24.7%
CLICK
23.9%
CLICK
23.4%
CLICK
22.7%
CLICK
22.3%

You're not logged in!

Compare scores with friends on all Sporcle quizzes.
Join for Free
OR
Log In

You Might Also Like...

Show Comments

Extras

Top Quizzes Today


Score Distribution

Your Account Isn't Verified!

In order to create a playlist on Sporcle, you need to verify the email address you used during registration. Go to your Sporcle Settings to finish the process.

Report this User

Report this user for behavior that violates our Community Guidelines.

Details: